Normal view
MARC view
Entry Personal Name
001 - CONTROL NUMBER
- control field: 1239145
003 - CONTROL NUMBER IDENTIFIER
- control field: OSt
005 - DATE AND TIME OF LATEST TRANSACTION
- control field: 20260512145355.0
008 - FIXED-LENGTH DATA ELEMENTS
- fixed length control field: 260512|| aca||aabn | a|a d
040 ## - CATALOGING SOURCE
- Original cataloging agency: OSt
- Transcribing agency: OSt
100 ## - HEADING--PERSONAL NAME
- Personal name: भारतीय, ऋत्विक
670 ## - SOURCE DATA FOUND
- Source citation: Work cat.: (OSt)1678851: नाग, निशा एड. 1239144, समकालीनो की दृष्टि में अनामिका , २०२३.
